Die 50 größten Städte Europas nach Flaggen - Statistiken

Allgemein
  • Dieses Quiz wurde 88 mal gespielt
  • Das Durchschnittsergebnis liegt bei 13 aus 50
Antwortstatistiken
Bildquiz Antwort % Korrekt
Istanbul
99%
Berlin
97%
Hamburg
88%
London
86%
Moskau
72%
Bukarest
60%
Barcelona
58%
Madrid
54%
Rom
54%
Paris
49%
Amsterdam
41%
München
38%
Kiew
37%
Wien
37%
Köln
36%
Sankt Petersburg
35%
Budapest
32%
Mailand
31%
Minsk
23%
Frankfurt am Main
22%
Belgrad
21%
Prag
19%
Samara
19%
Valencia
19%
Warschau
19%
Kasan
14%
Stockholm
14%
Nischni Nowgorod
12%
Birmingham
10%
Marseille
10%
Sofia
10%
Charkiw
9%
Neapel
9%
Perm
9%
Dnipro
8%
Odessa
8%
Krakau
6%
Turin
6%
Donezk
5%
Ufa
4%
Wolgograd
4%
Leeds
3%
Rostow am Don
3%
Saratow
3%
Woronesch
3%
Krasnodar
1%
Lemberg
1%
Saporischschja
1%
Toljatti
1%
Zagreb
1%
Keine übereinstimmenden Quizze gefunden
Verteilung der Resultate
Anzahl Personen mit jedem Resultat
Perzentil nach korrekt beantworteten Fragen
Ihre Resultats-Entwicklung
Sie haben dieses Quiz noch nicht gespielt